| 000 | 00967nam0a2200301 4500 | ||
|---|---|---|---|
| 001 | RU\NLR\bibl\1832588 | ||
| 005 | 20250616164951.0 | ||
| 010 |
_a978-5-389-02592-9 _95000 |
||
| 021 |
_aRU _b2011-81833 _95836 |
||
| 035 | _a(NLR Aleph) 001823083 | ||
| 090 |
_a2033260 _c2033260 |
||
| 100 | _a20111111d2011 |||y0rusy50 ca | ||
| 101 | 1 |
_arus _ceng |
|
| 102 | _aRU | ||
| 105 | _ay ||||||||| | ||
| 200 | 1 |
_aПолночные узы _e[роман] _fЛара Эдриан _g[пер. с англ. Натальи Гордеевой] |
|
| 210 |
_aСанкт-Петербург _cАзбука _d2011 |
||
| 215 |
_a349, [2] с. _d21 |
||
| 225 | 1 | _aВластелины полуночи | |
| 686 | _aШ6(7США)67-445{Лх1979-62} | ||
| 700 | 1 |
_4070 _aЭдриан _bЛ. _gЛара _9139732 _3RU\NLR\AUTH\770139767 |
|
| 801 | 0 |
_aRU _bNLR _c20111111 _gRCR |
|
| 801 | 1 |
_aRU _bNLR _c20111111 |
|
| 942 | _cBOOK | ||
| 980 | _aNB | ||
| 980 | _aNBR | ||